| 000 | 00611nam a2200217Ia 4500 | ||
|---|---|---|---|
| 008 | 160517s9999 xx 000 0 und d | ||
| 050 | _aHG 1616 | ||
| 050 | _b.Al366 2016 | ||
| 100 | _aAlea, Donn Mari Ramz T. | ||
| 245 | _aBrand preferences within the dynamic smartphone market / | ||
| 245 | _cDonn Mari Ramz T. Alea. | ||
| 260 | _aLas PiƱas, Philippines : | ||
| 260 | _bSISC, | ||
| 260 | _c2016. | ||
| 300 | _a30 pages : | ||
| 300 | _billustrations ; | ||
| 300 | _c28 cm. | ||
| 500 | _aIncludes bibliographical references and appendices. | ||
| 521 | _aBusiness Administration | ||
| 942 | _cTH | ||
| 999 |
_c293960 _d293960 |
||